Principios de envasado de los alimentos : guía internacional /

Guardado en:
Otros Autores: Heiss, R. (Director), Burgos González, Justino., (Traductor, tr.), Sala Trepat, Francisco, (Traductor, tr.)
Formato: Libro
Idioma:Undetermined
Publicado: Zaragoza : Acribia, 1978.
Materias:
Etiquetas: Agregar Etiqueta
Sin Etiquetas, Sea el primero en etiquetar este registro!
LEADER 00806nam a22002055a 4500
001 EIQ.libpla003831
008 080326s1978####xx#a#####b####000#0#und#d
005 20080613120122.0
245 0 0 |a Principios de envasado de los alimentos :  |b guía internacional /  |c bajo la dirección de R. Heiss ; traducido del inglés por Justino Burgos González y Francisco Sala Trepat. 
260 |a Zaragoza :  |b Acribia,  |c 1978. 
300 |a 331 p. :  |b il. ;  |c 24 cm. 
504 |a Incluye referencias bibliográficas. 
020 |a 8420003905 
700 1 |a Heiss, R.  |4 drt 
700 1 |a Burgos González, Justino.,  |e tr.  |4 trl 
700 1 |a Sala Trepat, Francisco,  |e tr.  |4 trl 
650 4 |a Alimentos  |x Conservación. 
650 4 |a Food  |x Conservation. 
040 |a AR-BbSID  |b spa  |c AR-BbSID 
859 |a AR-BbSID  |b BIB. PLAPIQUI  |h 664.09  |i P 935  |p 1520